00429nam a2200169Ia 4500003000400000005001700004008004100021020001500062050002400077100002200101245004700123260003500170300003300205440000600238521000700244526000800251OSt20140426083813.0140130s9999 xx 000 0 und d a0439332451 aPZ 7b.L5884Cl 2002 aBridwell, Norman  aClifford's loose tooth /cNorman Bridwell. bScholastic,c2002.aNew York : a28 p. :bcol. ill. ;c23 cm. v1 aG1 c150